Música - Subgéneros del rock - Estadísticas

Estadísticas generales
  • Esta prueba ha sido intentada 170 veces
  • La puntuación promedio es 9 de 48
Estadísticas de respuestas
Imagen Respuesta % Correcto
Grunge
77%
Hard Rock
70%
Glam
52%
Pop Rock
50%
Alternative Rock / Alternativo
47%
Rock and Roll
39%
Progressive Rock / Progresivo
37%
Indie Rock
35%
Folk Rock
33%
Psych Rock / Rock psicodélico
33%
Britpop
30%
Funk Rock
26%
Blues Rock
25%
Art Rock
24%
Soft Rock
23%
Jazz Rock
20%
New Wave
20%
Country Rock
19%
Garage Rock
19%
Rockabilly
19%
Surf Rock
19%
Experimental
18%
Shoegaze
17%
Industrial
16%
Post Rock
14%
Goth Rock / Gótico
12%
Stoner Rock
12%
Krautrock
11%
Noise
11%
Beat / Merseybeat
10%
Math Rock
10%
Southern Rock / Sureño
9%
Space Rock / Espacial
9%
AOR / Adult Oriented Rock
8%
Midwest Emo
8%
Power Pop
8%
J-Rock
6%
Piano Rock
6%
Afro Rock
4%
Garage Rock Revival
4%
Heartland Rock
4%
Post Punk Revival
4%
Alterlatino / Latino Alternativo
3%
Emo Pop
3%
Post Grunge
3%
Slacker Rock
3%
Slowcore
3%
Space Rock Revival
3%
No se encontraron pruebas coincidentes
Distribución de puntuación
Porcentaje de gente con cada puntuación
Porcentaje por número respondido
Historial de tus puntuaciones
No has intentado esta prueba.